| 000 | 00845nam a22002777a 4500 | ||
|---|---|---|---|
| 003 | CHAP | ||
| 005 | 20220329140910.0 | ||
| 008 | 971013s1990 r 00010 d | ||
| 010 | _a59494 | ||
| 011 | _a60466 | ||
| 035 | _a64628 | ||
| 040 | _cCHAP | ||
| 082 |
_a660 _bD5 |
||
| 245 | _aDiccionario de ingeniería química | ||
| 260 |
_aMéxico, D. F. : _bAlhambra mexicana, _c1990 |
||
| 300 | _a237 p. | ||
| 590 |
_aBATCH-UPD _b10 _c20130110 _lUCH01 _h0701 |
||
| 590 |
_aBATCH-UPD _b10 _c20130410 _lUCH01 _h0346 |
||
| 590 |
_aBATCH-UPD _b10 _c20130914 _lUCH01 _h1641 |
||
| 590 |
_aCONVERSION _b10 _c20130109 _lUCH01 _h1332 |
||
| 650 | 1 | 4 |
_aIngeniería química _xDiccionarios. _958273 |
| 700 | 0 |
_aValiente Barderas, Antonio. _9117552 |
|
| 901 | _aBK | ||
| 942 | _cLIBRO | ||
| 949 |
_a660 D5 _bBC _cC _d33724000668307 _eC _gI. c/e _h90114 _i64628 _si _t43.00 |
||
| 999 |
_c59494 _d59494 |
||